[Event "33.Schlosspark-Open"]
[Site "Wiesbaden-Biebrich"]
[Date "2024.08.24"]
[Round "5.1"]
[White "Carow, Johannes"]
[Black "Milov, Leonid"]
[Result "1/2-1/2"]
[WhiteElo "2465"]
[BlackElo "2429"]
[PlyCount "27"]
[EventDate "2024.08.22"]
[WhiteTeam "Sfr.Heidesheim"]
[BlackTeam "SC Noris-Tarrasch Nürnberg 1873"]

1. d4 d5 2. Bf4 c5 3. e3 Nc6 4. c3 Nf6 5. Nd2 Bf5 6. Qb3 Qd7 7. Ngf3 c4 8. Qd1 e6 9. Nh4 Be4 10. f3 Bg6 11. e4 Be7 12. Nxg6 hxg6 13. Bg3 b5 14. Be2 1/2-1/2

[Event "33.Schlosspark-Open"]
[Site "Wiesbaden-Biebrich"]
[Date "2024.08.24"]
[Round "5.2"]
[White "Sydykov, Bayastan"]
[Black "Wolf, Ulrich Martin"]
[Result "1/2-1/2"]
[WhiteElo "2282"]
[BlackElo "2189"]
[PlyCount "82"]
[EventDate "2024.08.22"]
[WhiteTeam "SK 1858 Gießen"]
[BlackTeam "SK Bad Homburg 1927"]

1. d4 f5 2. Nf3 Nf6 3. Bf4 e6 4. e3 b6 5. Be2 Bb7 6. O-O Be7 7. c4 O-O 8. Nc3 Ne4 9. Nd2 Nxc3 10. bxc3 g5 11. Bf3 c6 12. Bxb8 Qxb8 13. e4 g4 14. Be2 Qf4 15. g3 Qg5 16. exf5 exf5 17. Bd3 d5 18. cxd5 c5 19. dxc5 Bxc5 20. c4 Bd4 21. Rb1 h5 22. h4 Qg7 23. Kg2 Rae8 24. Qc2 Bc8 25. Rbe1 Qf6 26. Qd1 Rxe1 27. Qxe1 Bd7 28. Qd1 Kg7 29. Nb3 Be5 30. f4 Bc3 31. Rf2 a5 32. Re2 a4 33. Nd2 Qd4 34. Nf1 b5 35. Re7+ Rf7 36. Rxf7+ Kxf7 37. Qe2 b4 38. Bc2 Kf6 39. Ne3 Qb6 40. Qd3 Qd4 41. Qe2 Qb6 1/2-1/2

[Event "33.Schlosspark-Open"]
[Site "Wiesbaden-Biebrich"]
[Date "2024.08.24"]
[Round "5.3"]
[White "Lesny, Florian"]
[Black "Musiienko, Tymur"]
[Result "1/2-1/2"]
[WhiteElo "2227"]
[BlackElo "2093"]
[PlyCount "63"]
[EventDate "2024.08.22"]
[WhiteTeam "SK Bad Homburg 1927"]
[BlackTeam "Wiesbadener SV 1885"]

1. e4 e5 2. Nf3 Nc6 3. Bc4 Nf6 4. d3 Bc5 5. O-O O-O 6. Re1 d6 7. c3 a6 8. Bb3 Be6 9. Nbd2 Ba7 10. h3 h6 11. Nf1 Ne7 12. Ng3 Ng6 13. d4 Re8 14. Bc2 c6 15. Be3 Qc7 16. Qc1 Kh7 17. Nf5 Bxf5 18. exf5 Nf8 19. dxe5 Bxe3 20. Qxe3 dxe5 21. Rad1 N8d7 22. Nd2 Nb6 23. Bb3 Nbd5 24. Qf3 a5 25. g3 a4 26. Bc2 Qe7 27. Ne4 Nxe4 28. Bxe4 Nf6 29. Qe3 Rad8 30. Rxd8 Qxd8 31. a3 Qa5 32. Rd1 1/2-1/2

[Event "33.Schlosspark-Open"]
[Site "Wiesbaden-Biebrich"]
[Date "2024.08.24"]
[Round "5.5"]
[White "Surányi, Pál"]
[Black "Boidman, Yuri"]
[Result "1/2-1/2"]
[WhiteElo "2019"]
[BlackElo "2253"]
[PlyCount "100"]
[EventDate "2024.08.22"]
[WhiteTeam "SV 03/25 Koblenz"]
[BlackTeam "SC Heimbach-Weis/Neuwied e.V."]

1. d4 d5 2. c4 c6 3. Nc3 Nf6 4. e3 e6 5. Nf3 Nbd7 6. Be2 Bd6 7. O-O O-O 8. b3 Qe7 9. Bb2 dxc4 10. bxc4 e5 11. e4 exd4 12. Nxd4 Nc5 13. Nf5 Bxf5 14. exf5 Rad8 15. Qc2 Rfe8 16. g3 Nce4 17. Bf3 Nxc3 18. Bxc3 Be5 19. Rae1 Qc5 20. Bd2 Bd4 21. Bg5 b5 22. Rc1 b4 23. Kg2 h6 24. Bf4 Bc3 25. Qa4 Ne4 26. Qa6 Bd2 27. Rcd1 Qxf5 28. Qxc6 Rc8 29. Qb5 Qxb5 30. cxb5 Bxf4 31. gxf4 Rc2 32. Rde1 f5 33. Re2 Rxe2 34. Bxe2 Nd2 35. Bh5 Nxf1 36. Bxe8 Nd2 37. Bg6 Nb1 38. Bxf5 Nc3 39. Be6+ Kf8 40. b6 axb6 41. Kf3 Ke7 42. Bb3 Kf6 43. Ke3 Kf5 44. f3 b5 45. Bc2+ Kf6 46. Bb3 h5 47. h4 Na4 48. Bc2 g6 49. Bd1 Nc5 50. Be2 b3 1/2-1/2

[Event "33.Schlosspark-Open"]
[Site "Wiesbaden-Biebrich"]
[Date "2024.08.24"]
[Round "5.6"]
[White "Hagner, Bennet"]
[Black "Weber, Nikita"]
[Result "1-0"]
[WhiteElo "2311"]
[BlackElo "2078"]
[PlyCount "51"]
[EventDate "2024.08.22"]
[WhiteTeam "OSG Baden-Baden"]
[BlackTeam "Vorw.Orient Mainz"]

1. c4 b6 2. Nf3 Bb7 3. g3 Nf6 4. Bg2 e6 5. d4 Be7 6. O-O O-O 7. Re1 d5 8. cxd5 Nxd5 9. e4 Nf6 10. e5 Nfd7 11. Nc3 Nc6 12. h4 Nb4 13. a3 Nd5 14. Ne4 c5 15. Bg5 Bxg5 16. hxg5 cxd4 17. Qxd4 Qe7 18. Nd6 Nb8 19. Qh4 Qd7 20. g6 fxg6 21. Nxb7 Rxf3 22. Bxf3 Qxb7 23. Bxd5 Qxd5 24. Rad1 Qc6 25. Rd8+ Kf7 26. Qf4+ 1-0

[Event "33.Schlosspark-Open"]
[Site "Wiesbaden-Biebrich"]
[Date "2024.08.24"]
[Round "5.8"]
[White "Meier, Volker"]
[Black "Derr, Oleg"]
[Result "1/2-1/2"]
[WhiteElo "2197"]
[BlackElo "1943"]
[PlyCount "35"]
[EventDate "2024.08.22"]
[WhiteTeam "SK Tarrasch 1945 München"]
[BlackTeam "VSG 1880 Offenbach"]

1. d4 Nf6 2. c4 g6 3. Nc3 d5 4. cxd5 Nxd5 5. e4 Nxc3 6. bxc3 Bg7 7. Bc4 c5 8. Ne2 O-O 9. O-O Nc6 10. Be3 b6 11. Qd2 Qc7 12. Rac1 Bb7 13. Bh6 Rad8 14. Bxg7 Kxg7 15. f4 f5 16. exf5 Rxf5 17. Qe3 Rf6 18. Rf2 1/2-1/2

[Event "33.Schlosspark-Open"]
[Site "Wiesbaden-Biebrich"]
[Date "2024.08.24"]
[Round "5.9"]
[White "Puschendorf, Steffen"]
[Black "Nesar, Abdul Musawer"]
[Result "*"]
[WhiteElo "2041"]
[BlackElo "2192"]
[PlyCount "138"]
[EventDate "2024.08.22"]
[WhiteTeam "ESV Gera"]
[BlackTeam "Sfr Stiller Zug Wiesbaden"]

1. d4 Nf6 2. c4 g6 3. f3 Bg7 4. e4 d6 5. Ne2 e5 6. dxe5 dxe5 7. Qxd8+ Kxd8 8. Be3 c6 9. Nec3 Be6 10. Nd2 Nbd7 11. O-O-O Kc7 12. Be2 b6 13. g4 h5 14. g5 Ne8 15. Rhf1 Nd6 16. Kc2 Rad8 17. b4 Nb7 18. Nb3 Nb8 19. f4 Rxd1 20. Rxd1 Rd8 21. Rf1 exf4 22. Bxf4+ Kc8 23. b5 Nd6 24. Rd1 Bxc3 25. Bxd6 Bg7 26. c5 cxb5 27. cxb6 axb6 28. Bxb5 Kb7 29. e5 Nc6 30. Re1 Bf5+ 31. Kc1 Rc8 32. Kd2 Be6 33. Re4 Ra8 34. Nc1 Bxa2 35. Nxa2 Rxa2+ 36. Kd1 Ra5 37. Rf4 Nxe5 38. Bxe5 Bxe5 39. Rxf7+ Bc7 40. Bd3 Rxg5 41. Be4+ Kc8 42. h3 Rg3 43. Ke2 h4 44. Bf3 g5 45. Bg4+ Kb8 46. Rg7 Bf4 47. Bf3 Kc8 48. Rg6 Kc7 49. Rc6+ Kb7 50. Rg6+ Ka6 51. Kf2 Rxh3 52. Be2+ Ka5 53. Rf6 Rc3 54. Rf7 h3 55. Ra7+ Kb4 56. Ra1 h2 57. Rd1 Rc1 58. Kg2 Rxd1 59. Bxd1 b5 60. Bf3 Kc3 61. Bd5 b4 62. Be6 b3 63. Bxb3 Kxb3 64. Kh1 Kc2 65. Kg2 Kd2 66. Kh1 Ke2 67. Kg2 Be3 68. Kh1 Kf2 69. Kxh2 Bd4 *

[Event "33.Schlosspark-Open"]
[Site "Wiesbaden-Biebrich"]
[Date "2024.08.24"]
[Round "5.10"]
[White "Pioch, Thomas"]
[Black "Kersten, Uwe"]
[Result "0-1"]
[WhiteElo "2016"]
[BlackElo "2179"]
[PlyCount "82"]
[EventDate "2024.08.22"]
[WhiteTeam "SC Flörsheim 1921"]
[BlackTeam "Sfr. Bad Emstal/Wolfhagen"]

1. Nf3 Nf6 2. g3 b6 3. Bg2 Bb7 4. c4 c5 5. O-O e6 6. Nc3 a6 7. d4 cxd4 8. Nxd4 Bxg2 9. Kxg2 Qc7 10. Qd3 Nc6 11. b3 Be7 12. Bb2 Nxd4 13. Qxd4 b5 14. cxb5 axb5 15. Qd3 Qb7+ 16. Qf3 d5 17. Kg1 O-O 18. Rfd1 Rfc8 19. Qd3 Rab8 20. Rac1 h5 21. Rd2 b4 22. Na4 Rxc1+ 23. Bxc1 Rc8 24. Bb2 Ne4 25. Rc2 h4 26. Bd4 h3 27. f3 Rxc2 28. Qxc2 Bf6 29. Be3 Nc3 30. Nxc3 bxc3 31. a4 d4 32. Bc1 d3 33. Qxd3 Qxb3 34. a5 Qa2 35. a6 Qa1 36. Qc2 Bd4+ 37. Kf1 Qxa6 38. Qd3 Qa1 39. Qxd4 Qxc1+ 40. Kf2 Qd2 41. Qa4 c2 0-1

[Event "33.Schlosspark-Open"]
[Site "Wiesbaden-Biebrich"]
[Date "2024.08.24"]
[Round "5.11"]
[White "Waffenschmidt, Joachim"]
[Black "Eull, Emil"]
[Result "1/2-1/2"]
[WhiteElo "2008"]
[BlackElo "2151"]
[PlyCount "37"]
[EventDate "2024.08.22"]
[WhiteTeam "SV 1920 Hofheim"]
[BlackTeam "SF Neuberg"]

1. d4 d5 2. c4 e6 3. Nf3 Nf6 4. Nc3 Be7 5. Bf4 O-O 6. e3 b6 7. cxd5 Nxd5 8. Nxd5 Qxd5 9. a3 c5 10. dxc5 Qxc5 11. Rc1 Qa5+ 12. Qd2 Qxd2+ 13. Nxd2 Na6 14. Be2 Bb7 15. Bf3 Bxf3 16. Nxf3 Nc5 17. Ke2 Rfd8 18. Rhd1 Rxd1 19. Rxd1 1/2-1/2

[Event "33.Schlosspark-Open"]
[Site "Wiesbaden-Biebrich"]
[Date "2024.08.24"]
[Round "5.12"]
[White "von Auer, Ulrich"]
[Black "Akhmatovski, Maxim"]
[Result "1/2-1/2"]
[WhiteElo "1996"]
[BlackElo "2078"]
[PlyCount "80"]
[EventDate "2024.08.22"]
[WhiteTeam "SV Oberursel"]
[BlackTeam "SV Oberursel"]

1. Nf3 d5 2. g3 Nc6 3. Bg2 e5 4. d3 Nf6 5. O-O Be7 6. Bg5 O-O 7. Nc3 Be6 8. e4 dxe4 9. dxe4 Nd7 10. Bxe7 Nxe7 11. Qe2 f6 12. Rfd1 Nc8 13. Nd2 c6 14. Nc4 Qc7 15. Bf3 b5 16. Ne3 a5 17. Bg4 Nc5 18. Rd2 Nb6 19. Rad1 Rfd8 20. Rxd8+ Rxd8 21. Rxd8+ Qxd8 22. Bxe6+ Nxe6 23. Qd1 Qd4 24. Nf5 Qxd1+ 25. Nxd1 Nd4 26. Nxd4 exd4 27. Kf1 Nd7 28. Ke2 Nc5 29. f3 Kf7 30. c3 dxc3 31. Nxc3 Ke6 32. Ke3 Kd6 33. f4 g6 34. h4 h5 35. Ne2 b4 36. Kd4 Nd7 37. Ng1 c5+ 38. Kc4 Kc6 39. Nf3 Nb6+ 40. Kd3 Nc8 1/2-1/2

[Event "33.Schlosspark-Open"]
[Site "Wiesbaden-Biebrich"]
[Date "2024.08.24"]
[Round "5.13"]
[White "Kregelin, Jan"]
[Black "Mayer, Frank"]
[Result "1-0"]
[WhiteElo "2122"]
[BlackElo "1954"]
[PlyCount "25"]
[EventDate "2024.08.22"]
[WhiteTeam "FVS ASP Hoyerswerda"]
[BlackTeam "Wiesbadener SV 1885"]

1. d4 d5 2. c4 dxc4 3. e4 b5 4. a4 c6 5. axb5 cxb5 6. b3 e5 7. bxc4 Bb4+ 8. Bd2 Qxd4 9. Bxb4 Qxa1 10. Nf3 Bg4 11. cxb5 Nd7 12. Bc4 Rc8 13. Bc3 1-0

[Event "33.Schlosspark-Open"]
[Site "Wiesbaden-Biebrich"]
[Date "2024.08.24"]
[Round "5.14"]
[White "Haack, Kevin"]
[Black "Khenkin, Igor"]
[Result "0-1"]
[WhiteElo "2306"]
[BlackElo "2505"]
[PlyCount "120"]
[EventDate "2024.08.22"]
[WhiteTeam "SV 1920 Hofheim"]
[BlackTeam "Wiesbadener SV 1885"]

1. d4 d5 2. c4 dxc4 3. Nf3 c6 4. e3 b5 5. a4 e6 6. b3 Bb4+ 7. Bd2 Bxd2+ 8. Qxd2 a5 9. bxc4 b4 10. c5 Nf6 11. Qc2 Nbd7 12. Nbd2 O-O 13. Bd3 Ba6 14. Bxa6 Rxa6 15. Nc4 Nd5 16. O-O Nc3 17. Rfe1 Ra7 18. e4 f6 19. Nd6 Kh8 20. e5 fxe5 21. Nxe5 Nxe5 22. Rxe5 Qh4 23. Qd2 Qf4 24. Re3 h6 25. g3 Qg4 26. Qd3 Nd5 27. Re4 Qf3 28. Qd2 Qc3 29. Qxc3 Nxc3 30. Rxe6 b3 31. Nc4 Rb7 32. Nb2 Rb4 33. Re3 Nd5 34. Rd3 Re8 35. Kf1 Kg8 36. Ra3 Reb8 37. Ra1 Re8 38. Re1 Rxe1+ 39. Kxe1 Kf7 40. Ke2 Ke6 41. f3 g5 42. Kd2 h5 43. Ke1 g4 44. Ke2 Nf6 45. Ke3 Kd5 46. f4 Ne4 47. f5 Ng5 48. f6 Ke6 49. Rd1 Kxf6 50. d5 Re4+ 51. Kf2 Re5 52. dxc6 Rxc5 53. Ke3 Rxc6 54. Rd3 Re6+ 55. Kf2 Ne4+ 56. Kf1 Rb6 57. Rd5 Rc6 58. Rb5 Rc1+ 59. Ke2 Nc3+ 60. Kd2 Rc2+ 0-1

[Event "33.Schlosspark-Open"]
[Site "Wiesbaden-Biebrich"]
[Date "2024.08.24"]
[Round "5.15"]
[White "Fleckenstein, Lukas"]
[Black "Perske, Paul"]
[Result "1/2-1/2"]
[WhiteElo "1968"]
[BlackElo "2110"]
[PlyCount "32"]
[EventDate "2024.08.22"]
[WhiteTeam "SK Niederbrechen 1948"]
[BlackTeam "Sfr.Heidesheim"]

1. e4 e5 2. Nf3 Nc6 3. Bc4 Bc5 4. c3 Nf6 5. d3 a6 6. a4 d6 7. O-O Ba7 8. Be3 Bxe3 9. fxe3 O-O 10. Nbd2 Ne7 11. Qe1 c6 12. Bb3 Ng6 13. d4 Qe7 14. Nh4 Nxh4 15. Qxh4 Be6 16. Bxe6 fxe6 1/2-1/2

[Event "33.Schlosspark-Open"]
[Site "Wiesbaden-Biebrich"]
[Date "2024.08.24"]
[Round "5.16"]
[White "Pohle, Dirk"]
[Black "Eveleens, Wim"]
[Result "1-0"]
[WhiteElo "2108"]
[BlackElo "1999"]
[PlyCount "49"]
[EventDate "2024.08.22"]
[WhiteTeam "Langenfelder SF 1933"]
[BlackTeam "SV Amstel"]

1. e4 e6 2. d4 d5 3. Nd2 Nc6 4. Ngf3 Nf6 5. e5 Nd7 6. Bd3 f6 7. exf6 Qxf6 8. Nf1 Bd6 9. Bg5 Qf7 10. Bh4 h6 11. Ne3 O-O 12. O-O Ne7 13. c4 c6 14. Bg3 Bf4 15. Qc2 Qh5 16. Rae1 Rf6 17. Qe2 Nf8 18. Ne5 Qxe2 19. Rxe2 Bxe3 20. fxe3 Rxf1+ 21. Kxf1 Bd7 22. Bh4 g5 23. Be1 Be8 24. Bb4 Bg6 25. Bxe7 1-0

[Event "33.Schlosspark-Open"]
[Site "Wiesbaden-Biebrich"]
[Date "2024.08.24"]
[Round "5.17"]
[White "Müller, Maximilian"]
[Black "Metzdorf, Matteo"]
[Result "1/2-1/2"]
[WhiteElo "1957"]
[BlackElo "2098"]
[PlyCount "79"]
[EventDate "2024.08.22"]
[WhiteTeam "SC 1928 Eppelborn"]
[BlackTeam "TSV Schott Mainz"]

1. e4 c5 2. Nf3 e6 3. b3 b6 4. Bb2 Bb7 5. Qe2 d6 6. g3 Nf6 7. d3 Nbd7 8. Bg2 Be7 9. O-O O-O 10. Nbd2 Rc8 11. c4 Qc7 12. Ne1 Ne5 13. f4 Ng6 14. Ndf3 Rfe8 15. Nc2 Nd7 16. Ne3 Bf6 17. Bxf6 Nxf6 18. Bh3 Rcd8 19. Qb2 Bc6 20. f5 Ne5 21. Rad1 Nxf3+ 22. Rxf3 d5 23. fxe6 fxe6 24. Rxf6 gxf6 25. Qxf6 Qe7 26. Ng4 Qxf6 27. Nxf6+ Kg7 28. Nxe8+ Rxe8 29. Bg2 d4 30. Rf1 e5 31. Bh3 Rf8 32. Rxf8 Kxf8 33. Bf5 Kg7 34. Kf2 h6 35. a3 a5 36. a4 Kf6 37. Kf3 Be8 38. g4 Kg5 39. Kg3 Kf6 40. h4 1/2-1/2

[Event "33.Schlosspark-Open"]
[Site "Wiesbaden-Biebrich"]
[Date "2024.08.24"]
[Round "5.18"]
[White "Pradeep, Harshill"]
[Black "Dietze, Frank"]
[Result "1/2-1/2"]
[WhiteElo "1905"]
[BlackElo "2090"]
[PlyCount "72"]
[EventDate "2024.08.22"]
[WhiteTeam "SK Bickenbach"]
[BlackTeam "Wiesbadener SV 1885"]

1. e4 c5 2. Nc3 d6 3. f4 Nc6 4. Bb5 g6 5. Nf3 Bg7 6. d3 e6 7. O-O Nge7 8. Be3 O-O 9. Bxc6 bxc6 10. Qe1 Rb8 11. Nd1 Ba6 12. Rb1 c4 13. Qd2 Qc7 14. Re1 d5 15. e5 c5 16. d4 Nf5 17. Bf2 cxd4 18. Nxd4 Nxd4 19. Bxd4 Rfc8 20. c3 Bf8 21. Ne3 h5 22. g4 hxg4 23. Nxg4 Rb7 24. Nf6+ Kg7 25. f5 Bc5 26. fxe6 fxe6 27. Kh1 Rh8 28. Qg5 Bxd4 29. cxd4 c3 30. Rg1 Bd3 31. Rbd1 Rxb2 32. h4 Rd2 33. Rc1 Qa5 34. Ne8+ Rxe8 35. Qf6+ Kh6 36. Qf4+ Kg7 1/2-1/2

[Event "33.Schlosspark-Open"]
[Site "Wiesbaden-Biebrich"]
[Date "2024.08.24"]
[Round "5.19"]
[White "Ruppert, Wolfgang"]
[Black "Bischoff, Ulrich"]
[Result "1-0"]
[WhiteElo "2186"]
[BlackElo "1919"]
[PlyCount "85"]
[EventDate "2024.08.22"]
[WhiteTeam "SC Flörsheim 1921"]
[BlackTeam "SF Eltville"]

1. e4 c5 2. Nc3 Nc6 3. f4 g6 4. Nf3 Bg7 5. Bb5 Nd4 6. d3 a6 7. Bc4 e6 8. a4 Ne7 9. Ba2 O-O 10. O-O Rb8 11. Ne2 Nxf3+ 12. Rxf3 d5 13. Be3 Qc7 14. c3 b5 15. Ng3 Bb7 16. Rf2 f5 17. Rc1 Rfd8 18. e5 c4 19. axb5 axb5 20. b3 Ra8 21. Rb2 Ba6 22. Ne2 Bf8 23. Nd4 Kf7 24. Qe1 Nc6 25. Nf3 Qd7 26. b4 Kg8 27. Rd1 Qe8 28. h3 Bb7 29. Kh2 Ra3 30. Bb1 Rda8 31. g4 Kh8 32. gxf5 gxf5 33. dxc4 dxc4 34. Rbd2 Ne7 35. Ng5 Nd5 36. Bd4 Bc8 37. Bxf5 exf5 38. e6+ Bg7 39. Qh4 Qg6 40. Nf7+ Kg8 41. Qd8+ Bf8 42. Rg1 Bxe6 43. Nh6# 1-0

[Event "33.Schlosspark-Open"]
[Site "Wiesbaden-Biebrich"]
[Date "2024.08.24"]
[Round "5.20"]
[White "Dauster, Ronald"]
[Black "Ohler, Julius"]
[Result "0-1"]
[WhiteElo "1950"]
[BlackElo "2182"]
[PlyCount "54"]
[EventDate "2024.08.22"]
[WhiteTeam "FT Schierstein"]
[BlackTeam "SC Heimbach-Weis/Neuwied e.V."]

1. e4 c6 2. d4 d5 3. exd5 cxd5 4. Bd3 Nc6 5. c3 Qc7 6. h3 e6 7. Nf3 Bd6 8. O-O Nge7 9. Re1 O-O 10. c4 dxc4 11. Bxc4 Nb4 12. Bb3 b6 13. a3 Nbd5 14. Qd3 Bb7 15. Nc3 Nxc3 16. bxc3 Rac8 17. Bd2 Bd5 18. Bxd5 Nxd5 19. Rec1 Qc4 20. Qe4 b5 21. Ne5 Bxe5 22. Qxe5 Rc6 23. a4 bxa4 24. Ra3 Nb6 25. Qa5 Qd5 26. Qxa7 Nc4 27. Ra2 Ne3 0-1

[Event "33.Schlosspark-Open"]
[Site "Wiesbaden-Biebrich"]
[Date "2024.08.24"]
[Round "5.21"]
[White "Nagel, Bernhard"]
[Black "Muller-Moingt, Bastien"]
[Result "1-0"]
[WhiteElo "2193"]
[BlackElo "1957"]
[PlyCount "131"]
[EventDate "2024.08.22"]
[WhiteTeam "Kölner SK Dr. Lasker 186"]
[BlackTeam "OSG Baden-Baden"]

1. Nf3 d5 2. g3 Nf6 3. Bg2 c5 4. O-O Nc6 5. d4 cxd4 6. Nxd4 e5 7. Nxc6 bxc6 8. c4 Be6 9. Bg5 Rc8 10. Qa4 Qd7 11. Rd1 d4 12. Bxf6 gxf6 13. Nd2 Be7 14. Nf3 c5 15. Qc2 O-O 16. e4 Kh8 17. Nh4 Bg4 18. Bf3 Bxf3 19. Nxf3 Rfd8 20. Qd3 Rb8 21. b3 a5 22. Nh4 Rb4 23. Nf5 Bf8 24. Qf3 a4 25. Rd3 Rdb8 26. Qg4 Qe8 27. Qh4 Bg7 28. g4 Qf8 29. Rh3 h6 30. Nxh6 Bxh6 31. Qxf6+ Qg7 32. Rxh6+ Kg8 33. Qxg7+ Kxg7 34. Rc6 axb3 35. axb3 Rxb3 36. Rxc5 Rc3 37. Rxe5 Rxc4 38. Rd5 Rb2 39. Rd1 d3 40. R5xd3 Rxe4 41. Rd4 Re7 42. Kg2 Kg6 43. h4 Ra2 44. Rd6+ Kg7 45. R1d5 Re4 46. Kg3 Ra1 47. f3 Rb4 48. h5 Rg1+ 49. Kf2 Rh1 50. Rg5+ Kf8 51. Rf5 Rb7 52. h6 Rh3 53. g5 Rh2+ 54. Ke3 Rb3+ 55. Rd3 Rb6 56. Re5 Rb8 57. Ke4 Kg8 58. f4 Rh4 59. Red5 Kh7 60. Kf5 Rb7 61. R3d4 Ra7 62. Rd7 Ra5+ 63. Kf6 Ra8 64. Rxf7+ Kh8 65. Re7 Rg8 66. Rdd7 1-0

[Event "33.Schlosspark-Open"]
[Site "Wiesbaden-Biebrich"]
[Date "2024.08.24"]
[Round "5.22"]
[White "Jahnel, Günther"]
[Black "Burkhardt, Jan"]
[Result "1/2-1/2"]
[WhiteElo "2166"]
[BlackElo "1926"]
[PlyCount "56"]
[EventDate "2024.08.22"]
[WhiteTeam "FVS ASP Hoyerswerda"]
[BlackTeam "Sfr.Mainz 1928"]

1. d4 d5 2. c4 dxc4 3. Nf3 Nf6 4. Nc3 e6 5. e3 c5 6. Bxc4 a6 7. a4 Nc6 8. O-O cxd4 9. exd4 Be7 10. Re1 O-O 11. Bf4 Nb4 12. Qe2 Nfd5 13. Be5 Bf6 14. Ne4 Bxe5 15. dxe5 Bd7 16. Red1 Bc6 17. Nd4 a5 18. Ra3 Qe7 19. Nxc6 Nxc6 20. Bxd5 exd5 21. Rxd5 Nxe5 22. Re3 Ng6 23. g3 Qb4 24. Nc3 Qb6 25. h4 Rfd8 26. h5 Nf8 27. Rb5 Qc6 28. Re4 Ne6 1/2-1/2

[Event "33.Schlosspark-Open"]
[Site "Wiesbaden-Biebrich"]
[Date "2024.08.24"]
[Round "5.23"]
[White "Windelband, Jens"]
[Black "Schmitt, Carsten"]
[Result "1/2-1/2"]
[WhiteElo "2074"]
[BlackElo "1926"]
[PlyCount "58"]
[EventDate "2024.08.22"]
[WhiteTeam "SG Aufbau Elbe Magdeburg"]
[BlackTeam "SV Bergwinkel"]

1. e4 e6 2. d4 d5 3. e5 c5 4. c3 Qb6 5. Nf3 Nc6 6. a3 c4 7. Nbd2 Na5 8. Be2 Bd7 9. O-O Ne7 10. Rb1 h6 11. b4 cxb3 12. c4 Ba4 13. Bb2 O-O-O 14. c5 Qc7 15. Bc3 Nec6 16. Qc1 b6 17. cxb6 axb6 18. Re1 b5 19. Bd1 Nc4 20. Nxb3 Bxa3 21. Qf4 b4 22. Ba1 g5 23. Qg4 Rdg8 24. Nc5 h5 25. Qg3 Bb5 26. Be2 N6a5 27. Nxg5 h4 28. Qf4 Qe7 29. Nf3 h3 1/2-1/2

[Event "33.Schlosspark-Open"]
[Site "Wiesbaden-Biebrich"]
[Date "2024.08.24"]
[Round "5.24"]
[White "Regis, Georg"]
[Black "Stephanblome, Felix"]
[Result "1/2-1/2"]
[WhiteElo "2079"]
[BlackElo "1925"]
[PlyCount "60"]
[EventDate "2024.08.22"]
[WhiteTeam "Vorw.Orient Mainz"]
[BlackTeam "SV 1934 Ffm-Griesheim"]

1. Nf3 d5 2. b3 Nf6 3. Bb2 e6 4. e3 Be7 5. Be2 O-O 6. O-O b6 7. c4 Bb7 8. Nc3 Nbd7 9. Qc2 c5 10. Rfd1 a6 11. Rac1 dxc4 12. bxc4 Qc7 13. Qb3 Ng4 14. h3 Nge5 15. Nxe5 Qxe5 16. Nd5 Qd6 17. Nxe7+ Qxe7 18. d4 Rfd8 19. Bf1 Rab8 20. a4 cxd4 21. exd4 Nf6 22. Ba3 Qd7 23. Qb4 a5 24. Qc3 Qxa4 25. Be7 Ne4 26. Qe3 Rd7 27. Bh4 Nd6 28. Bd3 Rc8 29. Qg3 Ne4 30. Qe3 Nd6 1/2-1/2

[Event "33.Schlosspark-Open"]
[Site "Wiesbaden-Biebrich"]
[Date "2024.08.24"]
[Round "5.25"]
[White "Mann, Gergely"]
[Black "Stehning, Toni"]
[Result "1-0"]
[WhiteElo "2062"]
[BlackElo "1857"]
[PlyCount "71"]
[EventDate "2024.08.22"]
[WhiteTeam "SF Essen-Werden 1924/"]
[BlackTeam "SF Braunfels"]

1. d4 d5 2. Bg5 f6 3. Bf4 Nc6 4. e3 Bf5 5. Bb5 e6 6. c4 Bb4+ 7. Nc3 Nge7 8. Nf3 Bg4 9. Qb3 Bd6 10. Bg3 Bxg3 11. hxg3 Qd7 12. Rc1 dxc4 13. Qxc4 Bxf3 14. gxf3 Kf7 15. Qd3 g6 16. Ne4 Qd5 17. Bc4 Qa5+ 18. Kf1 Qf5 19. Kg2 Rad8 20. g4 Qa5 21. Nc5 b5 22. Bxe6+ Kg7 23. Nb7 Qb6 24. Nxd8 Rxd8 25. Qe4 Nb4 26. Bb3 Nbd5 27. Rc5 c6 28. Bxd5 Nxd5 29. Qe6 Qb7 30. Qxc6 Qxc6 31. Rxc6 Rd7 32. Rhc1 Kf7 33. R1c5 Ke7 34. Rxb5 Nb6 35. b3 h5 36. gxh5 1-0

[Event "33.Schlosspark-Open"]
[Site "Wiesbaden-Biebrich"]
[Date "2024.08.24"]
[Round "5.26"]
[White "Lenz, Joshua"]
[Black "Musiienko, Platon"]
[Result "1/2-1/2"]
[WhiteElo "2038"]
[BlackElo "1913"]
[PlyCount "101"]
[EventDate "2024.08.22"]
[WhiteTeam "TSV Schott Mainz"]
[BlackTeam "Wiesbadener SV 1885"]

1. e4 c5 2. d4 cxd4 3. c3 g6 4. cxd4 d5 5. e5 Bg7 6. Nc3 Nh6 7. Nf3 O-O 8. Be2 Nc6 9. Bxh6 Bxh6 10. Qb3 e6 11. h4 f6 12. exf6 Qxf6 13. Rd1 Bg7 14. O-O Rb8 15. Na4 b6 16. Qe3 Bd7 17. Nc3 Rbd8 18. a3 Ne7 19. Bd3 Nf5 20. Bxf5 Qxf5 21. Ne2 Qg4 22. Qg5 Qxg5 23. hxg5 Rc8 24. Nc3 a5 25. Rc1 Rc4 26. b3 Rcc8 27. Rfe1 b5 28. Ne2 Kf7 29. Rxc8 Rxc8 30. Rc1 Rxc1+ 31. Nxc1 Bf8 32. Ne5+ Ke8 33. Nxd7 Kxd7 34. a4 bxa4 35. bxa4 Bb4 36. Nb3 Kd6 37. f4 Kc6 38. Kf2 Kd6 39. Ke3 Bc3 40. Nc1 Kd7 41. Nd3 Kd6 42. Ne5 Ke7 43. Ng4 Kd6 44. Ne5 Bb4 45. Nd3 Ba3 46. Kd2 Kc7 47. g3 Bd6 48. Ke3 Kc6 49. Nf2 Kd7 50. Ng4 Ke7 51. Nf2 1/2-1/2

[Event "33.Schlosspark-Open"]
[Site "Wiesbaden-Biebrich"]
[Date "2024.08.24"]
[Round "5.27"]
[White "Schöber, Sebastian"]
[Black "Henrich, David"]
[Result "1/2-1/2"]
[WhiteElo "1917"]
[BlackElo "2035"]
[PlyCount "28"]
[EventDate "2024.08.22"]
[WhiteTeam "Wiesbadener SV 1885"]
[BlackTeam "SK 1980 Gernsheim"]

1. d4 d6 2. Bf4 Nf6 3. e3 g6 4. Nf3 Bg7 5. h3 O-O 6. Be2 Nbd7 7. O-O b6 8. Nbd2 Bb7 9. a4 a5 10. Nc4 Ne4 11. c3 Re8 12. Qc2 e5 13. dxe5 dxe5 14. Bh2 Qe7 1/2-1/2

[Event "33.Schlosspark-Open"]
[Site "Wiesbaden-Biebrich"]
[Date "2024.08.24"]
[Round "5.28"]
[White "Seidel, Jürgen"]
[Black "Makilla, Tobias"]
[Result "1/2-1/2"]
[WhiteElo "2031"]
[BlackElo "1910"]
[PlyCount "33"]
[EventDate "2024.08.22"]
[WhiteTeam "SV 1920 Hofheim"]
[BlackTeam "SC 1979 Hattersheim"]

1. e4 g6 2. Nf3 Bg7 3. d3 d6 4. Be2 e5 5. c3 f5 6. Nbd2 Nf6 7. b4 O-O 8. a4 a5 9. b5 c6 10. Ba3 Be6 11. Ng5 Qe7 12. Nxe6 Qxe6 13. O-O Nbd7 14. Qc2 cxb5 15. axb5 Rfc8 16. f3 b6 17. Rac1 1/2-1/2

[Event "33.Schlosspark-Open"]
[Site "Wiesbaden-Biebrich"]
[Date "2024.08.24"]
[Round "5.29"]
[White "Nicolai, Tim"]
[Black "Sreeramulu, Aarush"]
[Result "1/2-1/2"]
[WhiteElo "2019"]
[BlackElo "1905"]
[PlyCount "113"]
[EventDate "2024.08.22"]
[WhiteTeam "SV Empor Erfurt"]
[BlackTeam "SK Marburg 1931/72"]

1. e4 c6 2. d4 d5 3. e5 Bf5 4. Ne2 e6 5. Ng3 Bg6 6. h4 h6 7. h5 Bh7 8. Bd3 Bxd3 9. cxd3 c5 10. dxc5 Bxc5 11. d4 Bb4+ 12. Nc3 Nc6 13. Qg4 Kf8 14. O-O Nge7 15. Be3 Qd7 16. Rac1 Bxc3 17. Rxc3 Kg8 18. f4 Nf5 19. Nxf5 exf5 20. Qe2 Kh7 21. g4 g6 22. g5 Kg7 23. hxg6 hxg5 24. fxg5 Kxg6 25. Qf3 Rh4 26. Rc5 Rd8 27. Kg2 Nxd4 28. Bxd4 Rxd4 29. Qh3 Rg4+ 30. Kf3 Kxg5 31. Rh1 Rf4+ 32. Kg3 Rg4+ 33. Kf3 Rf4+ 34. Ke2 Re4+ 35. Kd3 Qe6 36. Qh5+ Kf4 37. Qh2+ Kg5 38. Qd2+ f4 39. Qg2+ Qg4 40. Qh2 Qf3+ 41. Kd2 Re2+ 42. Qxe2 Qxh1 43. e6 Kf6 44. exf7 Qe4 45. Rc7 Qxe2+ 46. Kxe2 Rf8 47. Rxb7 Rxf7 48. Rxf7+ Kxf7 49. Kf3 Ke6 50. Kxf4 a5 51. Ke3 Ke5 52. Kd3 d4 53. b3 Kd5 54. a3 Kc5 55. b4+ axb4 56. axb4+ Kxb4 57. Kxd4 1/2-1/2